000 00992nam a22002297a 4500
999 _c15401
_d15401
003 AR-CdUCM
008 190427b ||||| |||| 00| 0 spa d
040 _aMUNICIPALIDAD PROVINCIAL DEL CUSCO
_cBIBLIOTECA MUNICIPAL DEL CUSCO
082 _a372.25 /
_bR86 / 1915
100 _aRouma, Jorge
_934458
245 _aPedagogía sociológica :
_blos influjos del medio en la educación /
260 _aMadrid :
_bFrancisco Beltrán,
_c1915.
300 _a318 páginas ;
_bfiguras, tablas,
_c22 cm.
440 _aBiblioteca Moderna de Filosofía y Ciencias Sociales.
_934459
505 _aContenido : Estudio de los influjos en el medio físico -- Estudio de los influjos del medio físico -- La afinidad social -- La afinidad para la agrupación ...
650 _aPsicología de la educación
_97331
650 _aSociología de la educación
_910577
650 _aAfinidad social
_934460
700 _aBarnés, Domingo (traducción)
_934461
942 _2ddc
_cLIBROS
945 _aachl
_d2019-04-27